Curso elementar de sciencias physicas e naturaes para uso dos lyceus : (Record no. 20246)

MARC details
000 -LEADER
campo de control de longitud fija 00676nam a2200205 i 4500
001 - NÚMERO DE CONTROL
campo de control 20246
003 - IDENTIFICADOR DE NÚMERO DE CONTROL
campo de control ES-MaACL
005 - FECHA Y HORA DE LA ÚLTIMA TRANSACCIÓN
campo de control 20230906152249.0
007 - CAMPO FIJO DE DESCRIPCIÓN FÍSICA--INFORMACIÓN GENERAL
campo de control de longitud fija t|
008 - DATOS DE LONGITUD FIJA--INFORMACIÓN GENERAL
campo de control de longitud fija 021108s1868 po ||||1| por d
080 ## - NÚMERO DE LA CLASIFICACIÓN DECIMAL UNIVERSAL
Número de la Clasificación Decimal Universal 549
100 1# - ENTRADA PRINCIPAL--NOMBRE DE PERSONA
Nombre de persona Aguiar, Antonio Augusto de.
9 (RLIN) 195383
245 10 - MENCIÓN DEL TÍTULO
Título Curso elementar de sciencias physicas e naturaes para uso dos lyceus :
Resto del título mineralogia /
Mención de responsabilidad, etc. por Antonio Augusto de Aguiar... e José Julio Rodrigues...
260 ## - PUBLICACIÓN, DISTRIBUCIÓN, ETC.
Lugar de publicación, distribución, etc. Lisboa :
Nombre del editor, distribuidor, etc. [s.n.],
Fecha de publicación, distribución, etc. 1868 (
Fabricante Imp. Nacional)
300 ## - DESCRIPCIÓN FÍSICA
Extensión 38 p. :
Otras características físicas il. ;
Dimensiones 20 cm.
650 #4 - PUNTO DE ACCESO ADICIONAL DE MATERIA--TÉRMINO DE MATERIA
Término de materia o nombre geográfico como elemento de entrada Mineralogía.
9 (RLIN) 15053
700 1# - ENTRADA AGREGADA--NOMBRE PERSONAL
Nombre de persona Rodrigues, José Julio.
9 (RLIN) 131926
852 4# - LOCALIZACIÓN
Ubicación ES-MaACL
Número de control de estantería T-134-F-4
Holdings
Estatus retirado Estado de pérdida Estado de daño No para préstamo Colección Biblioteca de origen Biblioteca actual Ubicación en estantería Fecha de adquisición Fuente de adquisición Total de préstamos Signatura topográfica completa Código de barras Visto por última vez Precio de reemplazo Tipo de ítem Koha
        Colección de folletos Biblioteca del Ateneo de Madrid Biblioteca del Ateneo de Madrid Depósito folletos 17/01/2008     T-134-F-4 1020754 23/02/2023 23/02/2023 Folleto